| 000 | 00619nam a2200241Ia 4500 | ||
|---|---|---|---|
| 008 | 160621s9999 xx 000 0 und d | ||
| 020 | _a0-8053-1291-9 | ||
| 050 | _aComSc QA 76 | ||
| 050 | _b.C37 1993 | ||
| 100 | _aCapron, H.l. | ||
| 245 | _aComputers & information systems : | ||
| 245 | _btools for an information age / | ||
| 245 | _cH.L. Capron. | ||
| 250 | _a3rd Edition | ||
| 260 | _aCalifornia : | ||
| 260 | _bThe Benjamin/Cummings Pub. Inc., | ||
| 260 | _c1993 | ||
| 300 | _a232 pages : | ||
| 300 | _billustrations ; | ||
| 300 | _c28 cm. | ||
| 500 | _aIncludes index. | ||
| 650 | _aComputers. | ||
| 999 |
_c296135 _d296135 |
||